00459nam a2200193Ia 4500008004100000020001800041050001400059100001900073245003000092245002200122260001500144260001600159260000900175300001600184300002000200300001000220300002700230500000800257170918s9999 xx 000 0 und d a9780545391436 bM554 2012 aMercer, Sienna aVampire school dropout? / cby Sienna Mercer. aNew York : bScholastic, c2012 a181 pages : billustrations ; c19cm. eMy sister the vampire. a750